000 00340nam a22001457a 4500
008 210428b ||||| |||| 00| 0 eng d
020 _at 71225
041 _aeng
080 _a510
082 _a510
100 _a36
101 _aMAT
245 _aBiographical Encyclopedia of Mathematicians
_cDonald R. Franceschetti
942 _2udc
_cBK
999 _c56915
_d56915